<A> deviancia statisztikai vizsgálatának történeti áttekintése.
Historický prehľad deviantného správania v Maďarsku v uplynulých 120 rokoch (mimomanželské deti, samovraždy, zločinnosť, alkoholizmus). Demografické a kultúrne pozadie deviácií sledované cez vek, pohlavie, rodinný stav, jazyk, bydlisko, náboženstvo a činnosť. Rozhodujúci vplyv faktorov na mikrosociá...
Saved in:
| Main Author: | |
|---|---|
| Format: | Book Chapter |
| Language: | Hungarian |
| Subjects: | |
| Tags: |
No Tags, Be the first to tag this record!
|
MARC
| LEADER | 00000naa a2200000 4500 | ||
|---|---|---|---|
| 001 | r011295 | ||
| 005 | 20220826094859.6 | ||
| 041 | 0 | |a hun | |
| 044 | |a HU | ||
| 245 | 1 | 0 | |a <A> deviancia statisztikai vizsgálatának történeti áttekintése. |c K. Miltényi |
| 520 | |a Historický prehľad deviantného správania v Maďarsku v uplynulých 120 rokoch (mimomanželské deti, samovraždy, zločinnosť, alkoholizmus). Demografické a kultúrne pozadie deviácií sledované cez vek, pohlavie, rodinný stav, jazyk, bydlisko, náboženstvo a činnosť. Rozhodujúci vplyv faktorov na mikrosociálnej úrovni (rodina, sociálne prostredie, domáce hospodárstvo), sprostredkovaný vplyv makrosociálnych prvkov. | ||
| 610 | 2 | 0 | |a psychológia sociálna |
| 610 | 2 | 0 | |a behaviorizmus |
| 610 | 2 | 0 | |a výskum štatistický |
| 610 | 2 | 0 | |a história |
| 610 | 2 | 0 | |a MR |
| 100 | 1 | |a Miltényi, K. | |